000 00516nam a22001817a 4500
005 20240409144347.0
010 _aENG-140061
020 _a9788195358335
_c200.00
035 _aEN-123593
037 _bDBAD
082 _a881
100 _aBarman, Suhasini Soumitra
_964487
245 _aSalted Caramel /
_cby Suhasini Soumitra Barman
260 _aKolkata
_bWriters Workshop
_c2021
270 _aC-532,Lake Garden
_bKolkata
_e700045
300 _a40p.
_c22(Hb)
942 _cEN
_2ddc
_h881
_mBAR
999 _c202018
_d202018